000 00554cam a2200145 4500500
005 20251012020631.0
041 _afre
042 _adc
100 1 0 _aVlaicu, Patriciu-Dorin
_eauthor
245 0 0 _aLes principes d'organisation ecclésiale face aux réalités contemporaines : territorialité et responsabilité pastorale
260 _c2007.
500 _a82
786 0 _nL'Année canonique | XLIX | 1 | 2007-02-11 | p. 181-190 | 0570-1953
856 4 1 _uhttps://shs.cairn.info/revue-l-annee-canonique-2007-1-page-181?lang=fr&redirect-ssocas=7080
999 _c1536267
_d1536267